| 000 | 01797nam a22002657a 4500 | ||
|---|---|---|---|
| 001 | 1593 | ||
| 003 | FISKH | ||
| 005 | 20250527113205.0 | ||
| 008 | 230908b cb ||||| |||| 00| 0 khr d | ||
| 020 | _a9789924341468 | ||
| 040 |
_aFISKH _beng _cFISKH _dFISKH |
||
| 082 | _a920.72 | ||
| 100 | _aBagieu, Penelope | ||
| 245 |
_aនារីក្លាហាន / _bធ្វើអ្វីតាមតែទំនើងចិត្ត : _cបកប្រែពីភាសាបារាំងដោយ ឡាច រតនា |
||
| 260 |
_aPhnom Penh : _bSipar, _c2016. |
||
| 300 |
_a141 pages : _bcolor illustrations ; _c27 cm |
||
| 505 | _aS | ||
| 520 | _aCheeky women គឺជាសៀវភៅបែបកំប្លែងដែលប្រាប់ពីដំណើររឿងប្រវត្តិសាស្ត្រនៃភាពក្លាហានរបស់ស្ត្រីជាក់លាក់មួយចំនួនក្នុងពិភពលោក ដែលហ៊ានជម្នះគ្រប់ឧបសគ្គដើម្បីសម្រេចបាននូវអ្វីដែលពួកគេគិតថាត្រឹមត្រូវ និងអ្វីដែលពួកគេចង់ធ្វើសម្រាប់ខ្លួនឯង និងសង្គម។ | ||
| 520 | _aCheeky women is a comic book telling the story of history of the courage of some specific women in the world who dared to overcome all the obstacles to achieve what they think it is right and what they want to do for themselves and society. | ||
| 521 | 8 |
_a790
_bS |
|
| 521 | 8 |
_aLexile estimate
_bRaz-Plus |
|
| 650 |
_aក្លាហាន _vនារីខ្លាំង |
||
| 650 |
_aCheeky _vStrong women |
||
| 942 |
_2ddc _cBK _n0 |
||
| 999 |
_c1593 _d1593 |
||